LEADER 02708nam 2200565 a 450 001 9910462844903321 005 20200520144314.0 010 $a1-283-92469-2 010 $a0-19-150614-1 035 $a(CKB)2670000000315442 035 $a(EBL)1107728 035 $a(OCoLC)823719591 035 $a(SSID)ssj0000803716 035 $a(PQKBManifestationID)12305167 035 $a(PQKBTitleCode)TC0000803716 035 $a(PQKBWorkID)10810763 035 $a(PQKB)10345789 035 $a(MiAaPQ)EBC1107728 035 $a(Au-PeEL)EBL1107728 035 $a(CaPaEBR)ebr10642332 035 $a(CaONFJC)MIL423719 035 $a(EXLCZ)992670000000315442 100 $a19980511d1998 uy 0 101 0 $aeng 135 $aur|n|---||||| 181 $ctxt 182 $cc 183 $acr 200 04$aThe search for extraterrestrial life$b[electronic resource] $eessays on science and technology /$fedited by P. Day 210 $aOxford [England] ;$aNew York $cOxford University Press$d1998 215 $a1 online resource (191 p.) 225 1 $aProceedings of the Royal Institution 300 $aDescription based upon print version of record. 311 $a0-19-850414-4 320 $aIncludes bibliographical references. 327 $aCover; Contents; List of plates; List of contributors; The search for extraterrestrial life-and the future of life on Earth; Magellan looks at Venus; Meteorites: messengers from the past; Television beyond the Millenium; Molecular information processing: Will it happen?; 'There or thereabouts'; Pondering on Pisa; An arts/science interface: medieval manuscripts, pigments, and spectroscopy; The Royal Institution 330 $aThis volume of selected Evening Discourses from the Royal Institution offers an authoritative and accessible summary of current thinking in many areas of science and technology. The subjects are wide-ranging, from studies of Venus and what they tell us about the Earth, the history and possible future of television, to the interface between art and science - using spectroscopy to analyse the pigments in Medieval manuscripts. Will we be able to build machines with molecular-basedmemories? How do you deal with an historic tower `founded on jelly and slowly inclining to the point at which it is ab 410 0$aProceedings of the Royal Institution 606 $aLife on other planets 608 $aElectronic books. 615 0$aLife on other planets. 676 $a576.8/39 701 $aDay$b P$020855 801 0$bMiAaPQ 801 1$bMiAaPQ 801 2$bMiAaPQ 906 $aBOOK 912 $a9910462844903321 996 $aThe search for extraterrestrial life$91982135 997 $aUNINA LEADER 03815nam 2200961Ia 450 001 9910779009403321 005 20230422050643.0 010 $a1-280-59297-4 010 $a9786613622808 010 $a0-520-92283-2 024 7 $a10.1525/9780520922839 035 $a(CKB)2550000000101445 035 $a(EBL)919289 035 $a(OCoLC)794328499 035 $a(SSID)ssj0000679286 035 $a(PQKBManifestationID)11396085 035 $a(PQKBTitleCode)TC0000679286 035 $a(PQKBWorkID)10624379 035 $a(PQKB)11203102 035 $a(MiAaPQ)EBC919289 035 $a(DE-B1597)518666 035 $a(DE-B1597)9780520922839 035 $a(Au-PeEL)EBL919289 035 $a(CaPaEBR)ebr10563851 035 $a(CaONFJC)MIL362280 035 $a(EXLCZ)992550000000101445 100 $a19981020d1999 uy 0 101 0 $aeng 135 $aur|n|---||||| 181 $ctxt 182 $cc 183 $acr 200 10$aSunset Boulevard$b[electronic resource] /$fBilly Wilder ; with an introduction by Jeffrey Meyers 210 $aBerkeley, Calif. $cUniversity of California Press$dc1999 215 $a1 online resource (148 p.) 300 $aDescription based upon print version of record. 311 $a0-520-21855-8 320 $aIncludes bibliographical references. 327 $tFrontmatter -- $tIntroduction -- $tSUNSET BOULEVARD 330 $aSunset Boulevard (1950) is one of the most famous films in the history of Hollywood, and perhaps no film better represents Hollywood's vision of itself. Billy Wilder collaborated on the screenplay with the very able Charles Brackett, and with D. M. Marshman Jr., who later joined the team. Together they created a film both allusive and literate, with Hollywood's worst excesses and neuroses laid out for all to see. After viewing Sunset Boulevard Louis B. Mayer exclaimed: "We should throw this Wilder out of town!" The New York Times, however, gave the movie a rave review, praising "that rare blend of pungent writing, expert acting, masterly direction, and unobtrusively artistic photography." The film was nominated for Best Picture, and Wilder won an Academy Award for Best Story and Best Screenplay.This facsimile edition of Sunset Boulevard makes it possible to get as much pleasure from reading the highly intelligent screenplay as from seeing the film. Jeffrey Meyers's introduction provides an intriguing array of background details about Wilder, the film's casting and production, and the lives of those connected to what has become a classic. 606 $aMotion picture plays 610 $aacademy awards. 610 $aactors. 610 $aactresses. 610 $aart. 610 $aarts. 610 $abehind the camera. 610 $abilly wilder. 610 $acharles brackett. 610 $acinema. 610 $aclassic films. 610 $aclassic hollywood. 610 $adm marshman jr. 610 $adrama. 610 $afamous films. 610 $afilm history. 610 $afilm script. 610 $afilm. 610 $afilmmaking. 610 $ahollywood insider. 610 $ahollywood. 610 $amedia studies. 610 $amedia. 610 $anonfiction. 610 $aperforming arts. 610 $apopular culture. 610 $aprice of fame. 610 $ascreenplay. 610 $asilver screen. 610 $astudio system. 610 $asunset boulevard. 610 $atheater. 615 0$aMotion picture plays. 676 $a791.43/72 700 $aWilder$b Billy$f1906-2002.$0789817 801 0$bMiAaPQ 801 1$bMiAaPQ 801 2$bMiAaPQ 906 $aBOOK 912 $a9910779009403321 996 $aSunset Boulevard$93838664 997 $aUNINA 999 $p$17.47$u07/24/2015$5Eng